Statistics for Films by Picture #8

Click here to take the quiz!

General Stats

  • This quiz has been taken 93 times
  • The average score is 5 of 15

Answer Stats

Answer% Correct
Yellow Submarine
87%
Crash
64%
Groundhog Day
52%
The Red Shoes
45%
Manhattan
35%
The Thin Red Line
34%
Duck Soup
31%
Ratatouille
27%
Last Tango in Paris
22%
Rear Window
20%
A Fistful of Dollars
10%
This is Spinal Tap
10%
Badlands
8%
Three Kings
7%
Straw Dogs
4%

Score Distribution

Percentile by Number Answered

Percent of People with Each Score

Your Score History

You have not taken this quiz